[Event "Neckar op 3rd"]
[Site "Deizisau"]
[Date "1999.04.02"]
[Round "2"]
[White "Kekelidze, Mikheil"]
[Black "Maahs, Erich"]
[Result "0-1"]
[WhiteElo "2439"]
[BlackElo "2203"]

1.d4 d5 2.c4 Nc6 3.cxd5 Qxd5 4.e3 e5 5.Nc3 Bb4 6.Bd2 Bxc3 7.bxc3 Nf6 8.f3 O-O
9.c4 Qd6 10.d5 Ne7 11.Qb3 a5 12.e4 Nd7 13.Ne2 Nc5 14.Qe3 f5 15.Nc3 c6 16.Be2 fxe4
17.Nxe4 Nxe4 18.fxe4 Qf6 19.Bf3 b5 20.cxb5 cxd5 21.O-O d4 22.Qa3 Ng6 23.Bxa5 Be6
24.Qb4 Nf4 25.Bc7 Qg5 26.Kh1 Nd3 27.Qd6 Bc4 28.b6 Rf6 29.b7 Raf8 30.Qa3 Qe3
31.Qa4 Nb2 32.Qb4 Bxf1 33.Qxb2 Rxf3 34.b8=Q Qxe4 35.Q8b7 Bxg2+ 36.Kxg2 Rf2+
37.Kg1 Qg6+ 38.Qg2 Rxb2 39.Qxg6 hxg6 40.Bxe5 Rd2 41.Rb1 Re8 42.Bf4 Rxa2 43.Rd1 Re4
44.Bg3 Ree2 45.Kf1 Red2 46.Rb1 d3 47.Ke1 Re2+ 48.Kf1 Rec2 49.Rd1 Rd2 50.Rb1 Kf7
51.Rb7+ Ke6 52.Rb6+ Kf5 53.Rb1 g5 54.Ke1 Re2+ 55.Kf1 Ke4 56.Rb4+ Ke3 57.Rb1 Rxh2
58.Bxh2 Rxh2 59.Kg1 Rf2 60.Rb3 Rf4 61.Kg2 Ke2  0-1

[Event "Mar del Plata op 30th"]
[Site "Mar del Plata"]
[Date "1999.04.02"]
[Round "7"]
[White "Labollita, Martin"]
[Black "Moreda, Lucas"]
[Result "0-1"]
[WhiteElo "2199"]
[BlackElo "2325"]

1.d4 d5 2.c4 Nc6 3.cxd5 Qxd5 4.e3 e5 5.Nc3 Bb4 6.Bd2 Bxc3 7.bxc3 Nf6 8.f3 e4
9.Ne2 O-O 10.Ng3 Re8 11.Be2 Na5 12.Qc2 b5 13.a4 Qb3 14.Qxb3 Nxb3 15.Ra3 bxa4
16.Bb5 Re6 17.Rxa4 Rb6 18.Be2 Nxd2 19.Kxd2 Rb2+ 20.Ke1 Nd5 21.fxe4 Nxc3 22.Ra3 Nxe2  0-1

[Event "Rheinhessen-ch HT1 op"]
[Site "Woerrstadt"]
[Date "1999.04.02"]
[Round "6"]
[White "Noll, Paul"]
[Black "Hegermann, Frank"]
[Result "1/2-1/2"]
[WhiteElo "2020"]
[BlackElo "1976"]

1.d4 d5 2.c4 Nc6 3.Nc3 dxc4 4.d5 Na5 5.Qa4+ c6 6.b4 cxb3 7.axb3 e6 8.Bd2 b6
9.dxc6 Ne7 10.c7+ Qd7 11.Nb5 Nb7 12.e4 Nc6 13.Nf3 Nc5 14.Qc4 a6 15.Nbd4 Nxd4
16.Nxd4 b5 17.Qc3 Nxe4 18.Qc6 Qxc6 19.Nxc6 Nxd2 20.Kxd2 Kd7 21.Bxb5 Kxc7
22.Rhc1 Kb6 23.Be2 Bb7 24.Bf3 Rc8 25.Ne5 Bb4+ 26.Ke2 Bxf3+ 27.Kxf3 Kb5 28.Nd3 Bd6
29.Ke4 Rhd8 30.h3 f5+ 31.Ke3 e5 32.f3 g6 33.g4 Rc7 34.Rxc7 Bxc7 35.Rc1 Bd6
36.Rc2 Rd7 37.gxf5 gxf5 38.Rc8 a5 39.Re8 Re7  1/2-1/2

[Event "Budapest FS04 IM-B"]
[Site "Budapest"]
[Date "1999.04.03"]
[Round "1"]
[White "Cooke, Eric"]
[Black "Jamrich, Gyorgy"]
[Result "1-0"]
[WhiteElo "2169"]
[BlackElo "2273"]

1.d4 d5 2.c4 Nc6 3.cxd5 Qxd5 4.e3 e5 5.Nc3 Bb4 6.a3 Bxc3+ 7.bxc3 Qd6 8.Nf3 Bg4
9.Be2 Rd8 10.O-O Nge7 11.a4 O-O 12.Ba3 Qf6 13.Rc1 Rfe8 14.Re1 Ng6 15.Bb2 h6
16.Ba1 Qe7 17.Rb1 Bc8 18.h3 e4 19.Nd2 Nh4 20.Bf1 Qg5 21.Kh1 Rd6 22.Rb5 Qg6
23.Rh5 Qf6 24.f4 Nf5 25.Kh2 g6 26.Rxf5 gxf5 27.c4 Qg6 28.Be2 Kh7 29.Bh5 Qg8
30.Qb1 a5 31.d5 Nb4 32.Rg1 Nd3 33.g4 Rb6 34.Qc2 Nb4 35.Qc3 fxg4 36.hxg4 Rg6
37.Bxg6+ fxg6 38.Qf6 Nc2 39.Bd4 Bd7 40.Rc1 Bxa4 41.Kg3 b6 42.Be5 Nxe3 43.Nxe4 Bd7
44.Ng5+  1-0

[Event "Dreifluesse op 7th"]
[Site "Passau"]
[Date "1999.04.03"]
[Round "3"]
[White "Aldag, Thomas"]
[Black "Schweiger, Georg"]
[Result "1/2-1/2"]
[WhiteElo "1932"]
[BlackElo "2187"]

1.d4 d5 2.c4 Nc6 3.Nf3 e5 4.dxe5 Bb4+ 5.Bd2 dxc4 6.e3 Be6 7.a3 Ba5 8.Qc2 Qd5
9.Nc3 Bxc3 10.Bxc3 O-O-O 11.Rd1 Qxd1+ 12.Qxd1 Rxd1+ 13.Kxd1 Nh6 14.Ng5 Ng4
15.Ke1 b5 16.Nf3 a6 17.h3 Nh6 18.g4 Bd5 19.Bg2 Re8 20.Ke2 Bxf3+ 21.Bxf3 Nxe5
22.Be4 g6 23.Bc2 c5 24.Rd1  1/2-1/2

[Event "Neckar op 3rd"]
[Site "Deizisau"]
[Date "1999.04.05"]
[Round "8"]
[White "Lomineishvili, Maia"]
[Black "Maahs, Erich"]
[Result "1-0"]
[WhiteElo "2397"]
[BlackElo "2203"]

1.d4 d5 2.c4 Nc6 3.Nc3 e5 4.cxd5 Nxd4 5.e3 Nf5 6.e4 Nd4 7.Be3 c5 8.Nf3 Bd6
9.Nb5 Nf6 10.Nxd6+ Qxd6 11.Nd2 O-O 12.Bd3 Nd7 13.O-O Rb8 14.a4 Re8 15.f4 f6
16.Nc4 Qe7 17.Ra3 b6 18.Qh5 a6 19.f5 Bb7 20.Bb1 b5 21.Na5 c4 22.Bd2 Nf8 23.Rg3 Qf7
24.Qg4 Kh8 25.Bb4 Rbc8 26.Nxb7 Qxb7 27.a5 Qf7 28.Rh3 Nd7 29.Rh5 Nc5 30.Qh4 Qg8
31.Kh1 Re7 32.g4 Rf7 33.Bd2 Nd7 34.Qh3 Rcf8 35.Bb4 Rc8 36.Bd2 Rcf8 37.Bb4 Rc8
38.Rf2 Nc5 39.g5 fxg5 40.Rxg5 Nd7 41.Bc3 Re8 42.Bc2 Qf8 43.Bd1 Nf6 44.Qh4 b4
45.Bd2 Rc8 46.Bh5 Rb7 47.Rg3 c3 48.bxc3 bxc3 49.Bxc3 Rc4 50.Bg6 Rb3 51.Bxd4 Rxg3
52.hxg3 Rxd4 53.Re2 Qb4 54.Bh5 Rd1+ 55.Kg2 Qb1 56.Bf3 Rg1+ 57.Kh2 Re1 58.Rd2 h6
59.Bg2 g5  1-0

[Event "Dreifluesse op 7th"]
[Site "Passau"]
[Date "1999.04.05"]
[Round "7"]
[White "Hager, Martin"]
[Black "Schweiger, Georg"]
[Result "0-1"]
[WhiteElo "1890"]
[BlackElo "2187"]

1.d4 d5 2.c4 Nc6 3.Nf3 e5 4.dxe5 Bb4+ 5.Bd2 dxc4 6.e3 Be6 7.Qa4 Bxd2+ 8.Nbxd2 a6
9.Nd4 b5 10.Nxc6 Qd7 11.Nb8 Rxb8 12.Qc2 Ne7 13.Rd1 O-O 14.Nf3 Qc6 15.Ng5 g6
16.h4 Qc5 17.h5 Qxe5 18.Nf3 Qf6 19.Rd4 Bf5 20.Qc1 c5 21.Rdh4 g5 22.Nxg5 Qxg5
23.g4 Be4 24.f4 Qd5 25.Rg1 Rbd8 26.Be2 Qe6 27.h6 Nd5 28.Rh5 f6 29.g5 Kh8
30.gxf6 Qxf6 31.Re5 Qh4+ 32.Kf1 Qh3+ 33.Ke1 Rg8 34.Rxg8+ Kxg8 35.Rg5+ Kf8
36.Rh5 Qg3+  0-1

[Event "St Petersburg-ch"]
[Site "St Petersburg"]
[Date "1999.04.09"]
[Round "4"]
[White "Biriukov, Oleg V"]
[Black "Sepman, Yelius"]
[Result "1-0"]
[WhiteElo "2407"]
[BlackElo "2138"]

1.d4 d5 2.c4 Nc6 3.cxd5 Qxd5 4.e3 e5 5.Nc3 Bb4 6.Bd2 Bxc3 7.Bxc3 exd4 8.Ne2 Bg4
9.f3 Be6 10.Nxd4 Nxd4 11.Qxd4 Qxd4 12.Bxd4 f6 13.Be2 Ne7 14.Kf2 Kf7 15.Rhc1 c6
16.b4 Nf5 17.Bc3 Nd6 18.Be1 Rhd8 19.a4 Rac8 20.Ra3 h6 21.Rac3 a6 22.Kf1 Kf8
23.Bf2 f5 24.Bg3 Ke7 25.Be5 g5 26.Bd4 Bd5 27.Bb6 Re8 28.Rd1 Kf6 29.Rd4 Re6
30.Rd1 Rce8 31.Bd4+ Kg6 32.Bc5 Kf6 33.g4 fxg4 34.e4 gxf3 35.Rxf3+ Kg7 36.exd5 cxd5
37.Rxd5 Rxe2 38.Bxd6 Re1+ 39.Kg2 Kg6 40.Bc5 Ra1 41.a5 Re2+ 42.Rf2 Ree1 43.Rd6+ Kh5
44.Rfd2 Re4 45.h3 Rae1 46.Rb6 R1e2+ 47.Rxe2 Rxe2+ 48.Kf3 Rb2 49.Bf8 Rb3+
50.Ke4  1-0

[Event "St Petersburg-ch"]
[Site "St Petersburg"]
[Date "1999.04.12"]
[Round "7"]
[White "Karasev, Vladimir I"]
[Black "Sepman, Yelius"]
[Result "1-0"]
[WhiteElo "2353"]
[BlackElo "2138"]

1.d4 d5 2.c4 Nc6 3.cxd5 Qxd5 4.e3 e5 5.Nc3 Bb4 6.a3 Bxc3+ 7.bxc3 Nf6 8.c4 Qd6
9.d5 Ne7 10.a4 c5 11.Ne2 O-O 12.Nc3 e4 13.Qc2 Bf5 14.Bb2 Qd7 15.h3 Bg6 16.g4 h6
17.Bg2 Rfe8 18.Ba3 b6 19.a5 Nc8 20.Na4 Qc7 21.Bb2 Nd7 22.Nc3 Nd6 23.axb6 Nxb6
24.Bf1 Qc8 25.Na4 Nd7 26.Be2 Qd8 27.h4 Qe7 28.Kd2 Rac8 29.Qc3 f6 30.g5 Ne5
31.gxh6 gxh6 32.Rag1 Kh7 33.Kd1 Bf5 34.Rg3 Rg8 35.Rxg8 Kxg8 36.Qc2 Kh7 37.Rg1 Nd3
38.f4 Rb8 39.Qc3 Bd7 40.Bxd3 exd3 41.Nxc5 Rxb2 42.Qxb2 Nxc4 43.Qd4 Nxe3+
44.Kd2 Nf5 45.Qf2 Bb5 46.Rc1 Qd8 47.Nb3 Qxd5 48.Qxa7+ Kg6 49.Qg1+ Kf7 50.Rc7+ Bd7
51.Qc5 Qe6 52.Nc1 Ng3 53.Qd4 Ke8 54.Nxd3 Qe2+ 55.Kc3 Ne4+ 56.Kb3 Qd1+ 57.Kb2 Qd2+
58.Rc2 Qa5 59.Qxe4+ Kf7 60.Qh7+ Ke6 61.Nc5+ Kd6 62.Qxd7+  1-0

[Event "Golden Cleopatra op 3rd"]
[Site "Cairo"]
[Date "1999.04.15"]
[Round "5"]
[White "Yakovich, Yuri"]
[Black "Mohamed, Esam Ahmed Nagib"]
[Result "1-0"]
[WhiteElo "2565"]
[BlackElo "2458"]

1.d4 d5 2.c4 Nc6 3.cxd5 Qxd5 4.e3 e5 5.Nc3 Bb4 6.Bd2 Bxc3 7.Bxc3 exd4 8.Ne2 Nf6
9.Nxd4 Nxd4 10.Qxd4 O-O 11.Be2 Qxd4 12.Bxd4 Be6 13.O-O Ne4 14.Rfc1 c6 15.b4 f5
16.a4 Nd2 17.Bd1 Nb3 18.Bxb3 Bxb3 19.f3 a6 20.h4 Rfd8 21.Rc3 Be6 22.a5 Rd7
23.Re1 Re8 24.Kh2 Bd5 25.Rcc1 Re6 26.Kg3 Rg6+ 27.Kf2 h5 28.Bc5 Bb3 29.Re2 Kf7
30.Rc3 Ba4 31.Bd4 Bb5 32.Rd2 Rgd6 33.Kg3 Rd5 34.Kf4 g6 35.Kg5 Re7 36.Rc5 Red7
37.Rdc2 Bd3 38.Rxd5 Rxd5 39.Rd2 Bc4 40.Rf2 Rd7 41.g4 hxg4 42.fxg4 Bd3 43.h5 gxh5
44.gxh5 Rd8 45.h6 Rg8+ 46.Bg7 Re8 47.Rd2 Rxe3 48.Bd4 Rg3+ 49.Kf4 Rg4+ 50.Ke3 Rg3+
51.Kf2 f4 52.Rxd3 Rxd3 53.h7 Rh3 54.h8=Q Rxh8 55.Bxh8 c5 56.bxc5 Ke6 57.Bg7 Kd5
58.Bf8 Kc6 59.Kf3 Kb5 60.Kxf4 Kxa5 61.Ke5 Kb5 62.Kd6 a5 63.Kc7 Ka6 64.Bh6 Kb5
65.Be3 Ka6 66.Bc1 a4 67.Bb2 Ka7 68.Ba3 Ka6 69.Kb8  1-0

[Event "BEL-chT9899"]
[Site "Antwerp"]
[Date "1999.04.??"]
[Round "11"]
[White "Goormachtigh, Johan"]
[Black "Lavrenov, Yuli"]
[Result "1/2-1/2"]
[WhiteElo "2277"]
[BlackElo "2110"]

1.d4 d5 2.c4 Nc6 3.cxd5 Qxd5 4.e3 e5 5.Nc3 Qd8 6.d5 Nb8 7.Nf3 Nd7 8.Bd3 Ngf6
9.O-O Bd6 10.e4 O-O 11.Re1 a6 12.h3 Re8 13.Bf1 Nf8 14.Be3 Ng6 15.Rc1 h6 16.g3 Nh7
17.Nd2 Ng5 18.Qh5 Nh8 19.Kh2 f6 20.Bg2 Ngf7 21.Nc4 g6 22.Qe2 Bf8 23.Rc2 Bd7
24.Na5 Nd6 25.Nb3 b6 26.Rec1 Nhf7 27.a4 a5 28.Nd2 Nb7 29.Nb5 Bxb5 30.Qxb5 Bc5
31.Qe2 Bxe3 32.Qxe3 Nc5 33.Nb3 Nxb3 34.Qxb3 Re7 35.d6 Qxd6 36.Rc6 Qb4 37.Qxb4 axb4
38.b3 Nd6 39.Rxc7 Rxc7 40.Rxc7 Rc8 41.Rd7 Rc6 42.f4 Kf8 43.h4  1/2-1/2

[Event "Kastav"]
[Site "Kastav"]
[Date "1999.05.01"]
[Round "10"]
[White "Jelen, Igor"]
[Black "Ljubicic, Filip"]
[Result "0-1"]
[WhiteElo "2389"]
[BlackElo "2396"]

1.d4 d5 2.c4 Nc6 3.cxd5 Qxd5 4.e3 e5 5.Nc3 Bb4 6.Bd2 Bxc3 7.Bxc3 exd4 8.Ne2 Nge7
9.Nxd4 Nxd4 10.Qxd4 Qxd4 11.Bxd4 O-O 12.h4 Be6 13.Be2 Nd5 14.a3 Rfd8 15.f3 a5
16.Kf2 b6 17.Rhd1 f6 18.e4 Nf4 19.Bf1 Bb3 20.Rd2 Ne6 21.Be3 Rxd2+ 22.Bxd2 Rd8
23.Be3 c5 24.Rc1 a4 25.Be2 Kf8 26.Rc3 Ke7 27.Rd3 Nd4 28.Bxd4 Rxd4 29.Rxd4 cxd4
30.Ke1 Kd6 31.Bd1 Bxd1 32.Kxd1 Ke5 33.Ke2 h5 34.Kd3 g5 35.hxg5 fxg5 36.Ke2 g4
37.Kf2 gxf3  0-1

[Event "Budapest FS05 IM"]
[Site "Budapest"]
[Date "1999.05.02"]
[Round "2"]
[White "Brumen, Dinko"]
[Black "Bromann, Thorbjorn"]
[Result "1-0"]
[WhiteElo "2309"]
[BlackElo "2250"]

1.d4 d5 2.c4 Nc6 3.cxd5 Qxd5 4.e3 e5 5.Nc3 Bb4 6.Bd2 Bxc3 7.bxc3 Qd6 8.Ne2 Nge7
9.Ng3 O-O 10.Be2 b6 11.O-O f5 12.Qc2 Be6 13.Rfd1 Rad8 14.Bc1 Kh8 15.Bb2 exd4
16.exd4 Qf4 17.Nh5 Qg5 18.f4 Qh6 19.c4 Bf7 20.Nxg7 Qxf4 21.d5 Ne5 22.Qc3 N7g6
23.Nh5 Qh4 24.g3 Qe7 25.Ba3 Rd6 26.Rf1 Be8 27.Rae1 Kg8 28.Bd1 Bd7 29.Re3 Re8
30.Rfe1 Qg5 31.h4 Nxh4 32.Rxe5 Rxe5 33.Qxe5 Rg6 34.Qe8+  1-0

[Event "Budapest FS05 IM"]
[Site "Budapest"]
[Date "1999.05.04"]
[Round "4"]
[White "Hera, Imre Jr"]
[Black "Bromann, Thorbjorn"]
[Result "1/2-1/2"]
[WhiteElo "2272"]
[BlackElo "2250"]

1.d4 d5 2.c4 Nc6 3.cxd5 Qxd5 4.e3 e5 5.Nc3 Bb4 6.Bd2 Bxc3 7.Bxc3 Nge7 8.dxe5 Be6
9.Qa4 a6 10.Nf3 O-O 11.Be2 b5 12.Qd1 b4 13.Qxd5 Bxd5 14.Bd4 Nxd4 15.exd4 Rad8
16.O-O Bxf3 17.Bxf3 Rxd4 18.Rfc1 Ng6 19.Rxc7 Nxe5 20.Ra7 Nxf3+ 21.gxf3 Rd6
22.Rb7 a5 23.a3 bxa3 24.Rxa3 Rd5 25.Ra7 Rb5 26.b3 Rg5+ 27.Kf1 Rh5 28.Kg2 Rg5+
29.Kh3 Rb8 30.R7xa5 Rxa5 31.Rxa5 Kf8 32.Ra3 Ke7 33.Kg3 Kd6 34.Ra6+ Kd5 35.Ra5+ Kd6
36.Ra7 Ke6 37.Ra6+ Kd5 38.Ra5+ Kd6 39.Ra6+  1/2-1/2

[Event "Dubai op"]
[Site "Dubai"]
[Date "1999.05.04"]
[Round "4"]
[White "Fahed, Ahmad"]
[Black "Othman, Rabeea"]
[Result "1-0"]
[WhiteElo "2016"]
[BlackElo "2087"]

1.d4 d5 2.c4 Nc6 3.e3 Nf6 4.Nc3 Bf5 5.cxd5 Nxd5 6.Bd3 Bxd3 7.Qxd3 e5 8.a3 exd4
9.exd4 Be7 10.Nf3 O-O 11.O-O Bf6 12.Be3 Nxc3 13.bxc3 Qd7 14.Bg5 Ne5 15.Nxe5 Bxe5
16.Qf3 Bd6 17.Qxb7 Rab8 18.Qf3 Rb5 19.Be3 g6 20.h3 Rf5 21.Qd1 Rh5 22.Qf3 Rf5
23.Qd1 Re8 24.g4 Rh5 25.Qf3 Ra5 26.Bh6 f5 27.Bf4 fxg4 28.Qg3 gxh3 29.Bxd6 cxd6
30.Rfe1 Rf8 31.Re2 Raf5 32.Rae1 Rf3 33.Qg5 Qf5 34.Qxf5 R3xf5 35.Rb1 Rf3 36.Rc1 g5
37.c4 Rc8 38.Re6 Rd8 39.c5 dxc5 40.dxc5 Rff8 41.c6 Rc8 42.Rc3 h2+ 43.Kxh2 Rxf2+
44.Kg3 Rf7 45.Kg4 Rf1 46.Kxg5 Kg7 47.Re4 h6+ 48.Kh4 Rh1+ 49.Kg3 Rg1+ 50.Kf2 Rh1  1-0

[Event "Budapest FS05 IM"]
[Site "Budapest"]
[Date "1999.05.06"]
[Round "6"]
[White "Olszewski, Piotr"]
[Black "Bromann, Thorbjorn"]
[Result "0-1"]
[WhiteElo "2349"]
[BlackElo "2250"]

1.d4 d5 2.c4 Nc6 3.cxd5 Qxd5 4.e3 e5 5.Nc3 Bb4 6.Bd2 Bxc3 7.Bxc3 exd4 8.Ne2 Nf6
9.Nxd4 O-O 10.Nb5 Qg5 11.Bxf6 gxf6 12.Qa4 Bg4 13.Nc3 Rad8 14.Ne4 Qe5 15.Nxf6+ Qxf6
16.Qxg4+ Kh8 17.Be2 Rd2 18.O-O Ne5 19.Qb4 Rfd8 20.Bd1 Rxb2 21.Bb3 Rg8 22.Qe4 Nf3+
23.Kh1 Rxf2 24.gxf3 Rxh2+  0-1

[Event "NRW-Liga I 9899"]
[Site "GER"]
[Date "1999.05.06"]
[Round "9"]
[White "Raetsky, Alexander"]
[Black "Baumhus, Reinhard"]
[Result "1/2-1/2"]
[WhiteElo "2440"]
[BlackElo "2330"]

1.d4 d5 2.c4 Nc6 3.cxd5 Qxd5 4.e3 e5 5.Nc3 Bb4 6.Bd2 Bxc3 7.bxc3 Qd6 8.Bd3 Nge7
9.Ne2 O-O 10.O-O f5 11.f3 Kh8 12.Qc2 Be6 13.Kh1 Rad8 14.Rad1 Nd5 15.e4 fxe4
16.fxe4 Rxf1+ 17.Rxf1 Nf6 18.Bg5 exd4 19.Rxf6 gxf6 20.Bxf6+ Kg8 21.e5 Nxe5
22.Bxh7+ Kf7 23.Bxd8 d3 24.Bxd3 Qxd3 25.Qxd3 Nxd3 26.a3 c5 27.h3 Nf2+ 28.Kh2 Ne4
29.Bc7 Bc4 30.Nf4 Nxc3 31.Be5 Nd5  1/2-1/2

[Event "Budapest FS05 IM"]
[Site "Budapest"]
[Date "1999.05.11"]
[Round "11"]
[White "Gladyszev, Oleg"]
[Black "Bromann, Thorbjorn"]
[Result "1/2-1/2"]
[WhiteElo "2388"]
[BlackElo "2250"]

1.d4 d5 2.c4 Nc6 3.cxd5 Qxd5 4.e3 e5 5.Nc3 Bb4 6.Bd2 Bxc3 7.bxc3 Qd6 8.Bd3 Nge7
9.Ne2 O-O 10.O-O b6 11.f3 Be6 12.Be1 Rad8 13.Qc2 Kh8 14.a3 f5 15.Bf2 Na5  1/2-1/2

[Event "Capablanca mem Elite"]
[Site "Havana"]
[Date "1999.05.12"]
[Round "5"]
[White "Vera, Reynaldo"]
[Black "Arencibia, Walter"]
[Result "1/2-1/2"]
[WhiteElo "2547"]
[BlackElo "2520"]

1.d4 d5 2.c4 Nc6 3.Nc3 dxc4 4.d5 Ne5 5.f4 Nd7 6.e4 Nc5 7.Bxc4 e6 8.b4 exd5
9.Bxd5 Nd7 10.Nf3 Nh6 11.f5 c6 12.Bxh6 gxh6 13.Qd4 Rg8 14.Bxf7+ Kxf7 15.e5 Ke8
16.Qc4 Rxg2 17.O-O-O Qb6 18.Rd4 a5 19.Qe6+ Be7 20.Ne4 Kf8 21.Qxh6+ Ke8 22.Qe6 Kf8
23.Qh6+ Ke8 24.Qe6 Kf8  1/2-1/2

[Event "CRO-Cup"]
[Site "Pula"]
[Date "1999.05.24"]
[Round "1"]
[White "Vukelic, Tomislav"]
[Black "Kovacevic, Blazimir"]
[Result "0-1"]
[WhiteElo "2319"]
[BlackElo "2429"]

1.d4 d5 2.c4 Nc6 3.e3 dxc4 4.Bxc4 e5 5.d5 Nce7 6.Nc3 a6 7.Nge2 Ng6 8.O-O Nf6
9.Ng3 Bd6 10.Nh5 Nxh5 11.Qxh5 f5 12.f4 O-O 13.a4 Qf6 14.Qd1 Bd7 15.g3 Rae8
16.Qd3 Kh8 17.Bd2 Ne7 18.a5 exf4 19.exf4 Bc5+ 20.Kg2 Nc8 21.Rae1 Nd6 22.b3 Ne4
23.Nxe4 fxe4 24.Qc2 e3 25.Bc3 Bd4 26.Bxd4 Qxd4 27.Qd3 Qc5 28.Qc3 Bf5 29.b4 Qe7
30.Be2 Qd7 31.Bf3 Bh3+ 32.Kg1 Bxf1 33.Kxf1 Qb5+ 34.Kg2 Re7 35.Qc5 Qe8 36.Qa7 Qb5
37.Qc5 Qe8 38.Qa7 Qb5 39.Qc5 Qe8 40.Qa7 Rf6 41.Qxb7 c5 42.dxc6 Rxb7 43.cxb7 Rf8
44.Rc1 Qd7 45.Kg1 Qd2 46.Rc8 Qf2+ 47.Kh1 Qf1+  0-1

[Event "CRO-Cup"]
[Site "Pula"]
[Date "1999.05.27"]
[Round "4"]
[White "Dizdar, Goran"]
[Black "Rukavina, Josip"]
[Result "1-0"]
[WhiteElo "2563"]
[BlackElo "2426"]

1.d4 d5 2.c4 Nc6 3.cxd5 Qxd5 4.e3 e5 5.Nc3 Bb4 6.Bd2 Bxc3 7.Bxc3 exd4 8.Ne2 Nge7
9.Nxd4 Nxd4 10.Qxd4 Qxd4 11.Bxd4 O-O 12.Bc4 Rd8 13.O-O-O Nc6 14.Bc3 Be6 15.Bxe6 fxe6
16.Kc2 Rd6 17.a4 Rad8 18.f4 Kf7 19.g4 g6 20.Rhf1 a6 21.Rd2 Rd5 22.Rfd1 R5d6
23.Rf1 Rd5 24.Rfd1 R5d6 25.Rd3 Rd5 26.h3 R5d6 27.R3d2 Rd5 28.Rd3 R5d6 29.R3d2 Rd5
30.b3 R5d6 31.Rd3 Rd5 32.R3d2 R5d6 33.b4 Rd5 34.Rd3 R5d6 35.R3d2 Rd5 36.Rd3 R5d6
37.Rxd6 cxd6 38.Kb3 d5 39.Bb2 Ke7 40.b5 axb5 41.axb5 Na5+ 42.Kb4 Nc4 43.Bd4 Rc8
44.Ra1 Kd7 45.Ra7 Kc7 46.e4 Kb8 47.Ra2 Nd6 48.Be5 Rc4+ 49.Ka5 Kc7 50.exd5 exd5
51.f5 gxf5 52.gxf5 Kd7 53.Bxd6 Kxd6 54.Kb6 Rf4 55.Kxb7 Rxf5 56.b6 d4 57.Ka7 Rf7+
58.b7 Kd5 59.Kb6 Rxb7+ 60.Kxb7 d3 61.Kc7 h5 62.h4 Ke5 63.Kc6 Ke4 64.Kd6  1-0

[Event "CRO-Cup"]
[Site "Pula"]
[Date "1999.05.28"]
[Round "5"]
[White "Rukavina, Josip"]
[Black "Jurkovic, Hrvoje"]
[Result "1-0"]
[WhiteElo "2426"]
[BlackElo "2367"]

1.d4 d5 2.c4 Nc6 3.Bf4 e5 4.dxe5 Bb4+ 5.Nd2 dxc4 6.Nf3 Nge7 7.Qc2 Be6 8.e3 Qd5
9.Be2 O-O-O 10.O-O Qxd2 11.Nxd2 Rxd2 12.Qa4 Rxe2 13.Rab1 Bf5 14.a3 Bc2 15.Qb5 Rd8
16.Qxc4 Bd3 17.Qxf7 Bxb1 18.Rxb1 Rxb2 19.Rf1 Bxa3 20.Qxg7 a5 21.h4 h5 22.Qf7 Bb4
23.g4 a4 24.gxh5 a3 25.h6 a2 26.h7 Kb8 27.Kg2 Bc3 28.Ra1 Rxf2+ 29.Kxf2 Bxa1
30.Qxa2 Bxe5 31.Bxe5 Nxe5 32.Qe6 Rf8+ 33.Ke2 N7c6 34.Qh6  1-0

[Event "CRO-Cup (Women)"]
[Site "Pula"]
[Date "1999.05.28"]
[Round "5"]
[White "Medic, Mirjana"]
[Black "Padavic, Branka"]
[Result "1-0"]
[WhiteElo "2327"]
[BlackElo "2085"]

1.d4 d5 2.c4 Nc6 3.Nf3 e5 4.Nxe5 Bb4+ 5.Bd2 Bxd2+ 6.Qxd2 Nge7 7.Nxc6 Nxc6
8.e3 O-O 9.Nc3 dxc4 10.Bxc4 Bf5 11.O-O Re8 12.Bd5 Nb4 13.Bxb7 Rb8 14.Bf3 Qg5
15.Rad1 Bc2 16.e4 Qg6 17.Rc1 Bd3 18.Rfd1 Ba6 19.Qe3 Nc6 20.Nd5 Bb7 21.Nxc7 Re7
22.Nd5 Ree8 23.e5  1-0

[Event "Pula op 13th"]
[Site "Pula"]
[Date "1999.06.01"]
[Round "4"]
[White "Tukmakov, Vladimir B"]
[Black "Kovacevic, Blazimir"]
[Result "1-0"]
[WhiteElo "2581"]
[BlackElo "2429"]

1.d4 d5 2.c4 Nc6 3.cxd5 Qxd5 4.e3 e5 5.Nc3 Bb4 6.Bd2 Bxc3 7.bxc3 Qd6 8.Bd3 Nf6
9.Ne2 O-O 10.Ng3 Ne7 11.O-O b6 12.Qc2 Bb7 13.dxe5 Qxe5 14.c4 Kh8 15.Bc3 Qe6
16.Qb2 Rg8 17.Rad1 Nd7 18.Bb1 Nc5 19.Qc2 Qg6 20.e4 f6 21.f4 Qf7 22.e5 f5
23.Rfe1 Rgf8 24.Bb4 Ne6 25.Rd7 Rae8 26.c5 bxc5 27.Bxc5 g6 28.Ne2 Bc8 29.Rdd1 Rd8
30.Bxa7 Nd5 31.Qc4 Bb7 32.Bc2 Rd7 33.Bb3 Ra8 34.Bf2 c6 35.Nd4 Nxd4 36.Rxd4 Qe6
37.Qc5 h5 38.h3 Rdd8 39.Bh4 Rd7 40.Rb1 Kh7 41.Bxd5 cxd5 42.Rb6 Qe8 43.e6 Rg7
44.Bf6 Rc8 45.Qb4 Rc1+ 46.Kh2 Bc6 47.Bxg7 Kxg7 48.Qb2  1-0

[Event "Salongernas Elo"]
[Site "Stockholm"]
[Date "1999.06.11"]
[Round "7"]
[White "Hjelm, Niclas"]
[Black "Logdahl, Harald"]
[Result "1-0"]
[WhiteElo "2306"]
[BlackElo "2204"]

1.d4 d5 2.c4 Nc6 3.Nc3 Nf6 4.cxd5 Nxd5 5.e4 Nxc3 6.bxc3 e5 7.d5 Nb8 8.Nf3 Bg4
9.Qa4+ Nd7 10.Nxe5 Qf6 11.Be2 b5 12.Qxb5 Qxe5 13.Bxg4 Qxe4+ 14.Qe2 Qxe2+
15.Bxe2 Be7 16.Bb5 Rd8 17.Be3 a5 18.Bf4 Bd6 19.Bxd6 cxd6 20.Kd2 Ke7 21.Rhe1+ Kf6
22.Bxd7 Rxd7 23.Kd3 Rb8 24.Rab1 Rdb7 25.Rxb7 Rxb7 26.c4 a4 27.Kc2 Rb4 28.Kc3 Rb7
29.Re3 a3 30.Kd4 Rb2 31.Rxa3 Rd2+ 32.Ke3 Rc2 33.Ra6 Rxc4 34.Rxd6+ Ke5 35.Rd7 Rc3+
36.Kd2 Ra3 37.Rxf7 Rxa2+ 38.Ke3 Ra3+ 39.Ke2 Ra2+ 40.Kf3 Ra3+ 41.Kg4  1-0

[Event "Swidnica op"]
[Site "Swidnica"]
[Date "1999.06.29"]
[Round "2"]
[White "Staniszewski, Piotr"]
[Black "Prihotko, Alexander"]
[Result "1-0"]
[WhiteElo "2454"]
[BlackElo "2263"]

1.d4 d5 2.c4 Nc6 3.Nf3 Bg4 4.cxd5 Bxf3 5.gxf3 Qxd5 6.e3 e5 7.Nc3 Bb4 8.Bd2 Bxc3
9.bxc3 Nf6 10.Rb1 exd4 11.cxd4 O-O 12.Bg2 Rab8 13.a4 Rfe8 14.O-O a6 15.Qb3 Qg5
16.f4 Qg6 17.Rfc1 Ne4 18.Be1 Qd6 19.d5 Na7 20.Qc4 f5 21.Qxc7 Qxd5 22.Bc3 Qf7
23.Qxf7+ Kxf7 24.Be5 Rbc8 25.Rxb7+ Re7 26.Rxe7+ Kxe7 27.Rxc8 Nxc8 28.Bxg7 Nb6
29.a5 Nc4 30.Bf1 Nxa5 31.Bxa6 Kf7 32.Bb2 Nc6 33.f3 Nd6 34.Kf2 Nb4 35.Bf1 Nd5
36.Be5 Ke6 37.Bxd6 Kxd6 38.Bh3 Ke6 39.e4 Nxf4 40.Bxf5+ Ke5 41.Bxh7 Nh5 42.Bg6 Nf4
43.Be8 Ne6 44.Kg3  1-0

[Event "Swidnica op"]
[Site "Swidnica"]
[Date "1999.07.01"]
[Round "4"]
[White "Czerwonski, Aleksander"]
[Black "Prihotko, Alexander"]
[Result "1-0"]
[WhiteElo "2397"]
[BlackElo "2263"]

1.d4 d5 2.c4 Nc6 3.Nf3 Bg4 4.cxd5 Bxf3 5.gxf3 Qxd5 6.e3 e5 7.Nc3 Bb4 8.Bd2 Bxc3
9.bxc3 Qd6 10.Bg2 Nge7 11.Rb1 Rb8 12.f4 exf4 13.e4 O-O 14.Qf3 Ng6 15.h4 Rfd8
16.Rd1 Nge5 17.Qe2 f3 18.Bxf3 Nxf3+ 19.Qxf3 Qa3 20.Rg1 Nxd4 21.Rxg7+ Kxg7
22.Bh6+ Kg6 23.Qg4+ Kf6 24.Bg5+ Ke5 25.Qf4+ Ke6 26.Qf6+  1-0

[Event "Bydgoszcz Bank Pocztowy op"]
[Site "Bydgoszcz"]
[Date "1999.07.15"]
[Round "4"]
[White "Galinsky, Timofey"]
[Black "Prihotko, Alexander"]
[Result "1-0"]
[WhiteElo "2370"]
[BlackElo "2258"]

1.d4 d5 2.c4 Nc6 3.cxd5 Qxd5 4.e3 e5 5.Nc3 Bb4 6.Bd2 Bxc3 7.Bxc3 exd4 8.Ne2 Bg4
9.f3 Bxf3 10.gxf3 Qxf3 11.Nxd4 Qxh1 12.Nxc6 Nf6 13.Na5 O-O 14.Bxf6 gxf6 15.Qg4+ Kh8
16.O-O-O Rfd8 17.Bd3 Qd5 18.Qh4 Qc5+ 19.Nc4 Kg7 20.Rf1 Qc6 21.Qxh7+ Kf8 22.Kb1 Ke7
23.Ne5 Qe6 24.Bc4 Qxe5 25.Qxf7+ Kd6 26.Rxf6+ Kc5 27.Rf5 Qxf5+ 28.Qxf5+ Kxc4
29.Kc2 b6 30.a4 c6 31.Qe4+ Kc5 32.Qe5+ Kb4 33.Qc3+ Kxa4 34.b3+ Ka3 35.Qc4 b5
36.Qc5+ Ka2 37.Qb4 a5 38.Qc3  1-0

[Event "Bydgoszcz Bank Pocztowy op"]
[Site "Bydgoszcz"]
[Date "1999.07.17"]
[Round "6"]
[White "Fedorovsky, Michael"]
[Black "Prihotko, Alexander"]
[Result "0-1"]
[WhiteElo "2307"]
[BlackElo "2258"]

1.d4 d5 2.c4 Nc6 3.cxd5 Qxd5 4.e3 e5 5.Nc3 Bb4 6.Bd2 Bxc3 7.Bxc3 exd4 8.Ne2 Bg4
9.f3 Bxf3 10.gxf3 Qxf3 11.Nxd4 Qxh1 12.Nxc6 Nf6 13.Bxf6 gxf6 14.Nd4 O-O-O
15.Qf3 Qxh2 16.O-O-O Rd6 17.Bg2 Rb6 18.Qg4+ Kb8 19.Kb1 f5 20.Qg7 Rc8 21.Nf3 Qh5
22.Rh1 Qg6 23.Rxh7 Qd6 24.Qd4 Qg3 25.Bh1 Rd6 26.Qa4 Qf2 27.a3 Qf1+ 28.Ka2 Rd1
29.Qc2 Rc1 30.Bg2 Ra1+ 31.Kb3 Qb5+ 32.Kc3 Rd8 33.Nd4 Qe5 34.Kd2 Qg3 35.Kd3 f4
36.Qe2 Re1 37.Rh3 Qg6+ 38.Be4 Qa6+  0-1

[Event "Paris-ch"]
[Site "Paris"]
[Date "1999.07.18"]
[Round "2"]
[White "Legky, Nikolay A"]
[Black "Dubois, Loic"]
[Result "1-0"]
[WhiteElo "2496"]
[BlackElo "2205"]

1.d4 d5 2.c4 Nc6 3.Nf3 Bg4 4.cxd5 Bxf3 5.gxf3 Qxd5 6.e3 e5 7.Nc3 Bb4 8.Bd2 Bxc3
9.bxc3 Nf6 10.Be2 O-O 11.Qb3 Qd7 12.Qxb7 Rab8 13.Qa6 Rb6 14.Qc4 Rfb8 15.Bd1 Qf5
16.Rg1 Ne8 17.Rc1 Nd6 18.Qd5 Qd7 19.f4 e4 20.c4 Ne7 21.Qe5 Ndf5 22.d5 Ng6
23.Qxe4 Re8 24.Qf3 Nd4 25.Qg3 Qe7 26.Bc3 Nf5 27.Qg5 Qa3 28.Qxf5 Qxc1 29.Qd3 f6
30.Qd2 Qa3 31.Rg4 Qd6 32.Bb3 Kh8 33.Qd4 Qd7 34.Rg3 Qf5 35.Kd2 Qb1 36.Qd3 Qh1
37.Rxg6 hxg6 38.Qxg6 Reb8 39.Qh5+ Kg8 40.Bc2 Kf8 41.Bd4 Ke7 42.Bc5+ Rd6 43.Qg4  1-0

[Event "Hotel Agro IM A"]
[Site "Budapest"]
[Date "1999.08.01"]
[Round "3"]
[White "Szeberenyi, Adam"]
[Black "Antal, Gergely"]
[Result "0-1"]
[WhiteElo "2357"]
[BlackElo "2308"]

1.d4 d5 2.c4 Nc6 3.cxd5 Qxd5 4.e3 e5 5.Nc3 Bb4 6.Bd2 Bxc3 7.bxc3 Nf6 8.f3 e4
9.c4 Qd6 10.fxe4 Nxe4 11.Bd3 Bf5 12.Bxe4 Bxe4 13.Nf3 O-O 14.O-O Bd3 15.Rf2 Bxc4
16.Qc2 b5 17.Bc3 a5 18.Nd2 Qe6 19.e4 Nb4 20.Qd1 Nxa2 21.Bb2 Nb4 22.d5 Qg6
23.Rf3 Qb6+ 24.Kh1 Nd3 25.Rxd3 Bxd3 26.Ra3 Qe3 27.Ba1 Qe2 28.Qc1 b4 29.Rb3 Bxe4
30.Rg3 f6 31.h4 Bxd5 32.Nf3 Rae8  0-1